Vornamen berühmter europäischer Führer - Statistiken

Allgemein
  • Dieses Quiz wurde 448 mal gespielt
  • Das Durchschnittsergebnis liegt bei 19 aus 34
Antwortstatistiken
Land Vorname Nachname % Korrekt
Deutschland Angela Merkel
99%
Deutschland Helmut Kohl
95%
Deutschland Otto von Bismarck
95%
Deutschland Konrad Adenauer
92%
Frankreich Napoleon Bonaparte
86%
Deutschland Willy Brandt
86%
Deutschland Gerhard Schröder
83%
Vereinigtes Königreich Winston Churchill
82%
Russland Wladimir Putin
82%
UdSSR Joseph Stalin
76%
Deutschland Erich Honecker
75%
Frankreich Emmanuel Macron
69%
Italien Benito Mussolini
67%
Russland Boris Jelzin
66%
Vereinigtes Königreich Margaret Thatcher
66%
Vereinigtes Königreich Tony Blair
63%
Vereinigtes Königreich Theresa May
62%
Italien Silvio Berlusconi
55%
Polen Lech Walesa
53%
Frankreich Jacques Chirac
46%
Frankreich Nicolas Sarkozy
46%
Frankreich Francois Mitterrand
43%
UdSSR Mikhail Gorbatschow
43%
UdSSR Nikita Chruschtschow
40%
Schweden Olof Palme
39%
Tschechoslowakei Václav Havel
39%
UdSSR Leonid Breschnew
36%
Spanien Francisco Franco
33%
Österreich Kurt Waldheim
33%
Jugoslawien Josip Broz Tito
27%
Rumänien Nicolae Ceaușescu
14%
Russland Dmitri Medwedew
11%
Irland Mary Robinson
7%
Portugal António de Oliveira Salazar
4%
Keine übereinstimmenden Quizze gefunden
Verteilung der Resultate
Anzahl Personen mit jedem Resultat
Perzentil nach korrekt beantworteten Fragen
Ihre Resultats-Entwicklung
Sie haben dieses Quiz noch nicht gespielt